Občianske právo hmotné I.

Bibliographic Details
Main Author: Vojčík, Peter, 1951- (Author)
Format: Book
Language:Slovak
PhysicalDescription:301 strán 25 cm
Published: V Košiciach Univerzita P.J. Šafárika 2002
ISBN:8070974850
Edition:1. vyd.
Series:Vysokoškolské učebné texty
Subjects:

MARC

LEADER 00000cam a2200000 a 4500
001 vtls001479112
003 SK-MaSNL
005 20260301163803.0
008 240226s2002 xo frp 000 0 slo
015 |a SNBA2005/02-00653 
020 |a 8070974850  |q (brožované) 
035 |a SNK000434410 
035 |a urn:nbn:sk:snk-am3j2yk 
035 |a 3D4E77AF-4CAC-47E7-BB0D-BE0526B42D0B 
035 |a urn:nbn:sk:snk-am00gi18 
040 |a SNK  |b slo  |c SNK  |e AACR2 
041 0 |a slo 
044 |a xo  |c SK 
072 7 |a 347  |x Súkromné právo  |2 konspekt 
072 7 |a 37.016  |x Učebné osnovy. Vyučovacie predmety. Učebnice  |2 konspekt 
080 |a 347  |2 1997 
080 |a (075.8)  |2 1997 
080 |a 347  |2 2011 
080 |a (075.8)  |2 2011 
100 1 |a Vojčík, Peter,  |d 1951-  |4 aut  |9 190741 
245 1 0 |a Občianske právo hmotné  |n I.  |c Peter Vojčík 
250 |a 1. vyd. 
260 |a V Košiciach  |b Univerzita P.J. Šafárika  |c 2002 
300 |a 301 strán  |c 25 cm 
366 |e 800 kusov 
490 1 |a Vysokoškolské učebné texty 
500 |a Obsahuje použité skratky 
650 0 7 |a občianske právo hmotné  |2 SNKPH  |9 69332 
650 0 7 |a občianske právo  |2 SNKPH  |9 981 
655 7 |a učebnice vysokých škôl  |2 SNKPH  |9 70191 
752 |a Slovensko  |d Košice 
810 2 |a Univerzita Pavla Jozefa Šafárika v Košiciach.  |b Právnická fakulta  |t Vysokoškolské učebné texty  |9 107523 
919 |a 80-7097-485-0 
958 |a TL 
958 |a UV 
958 |a OND 
999 |c 818266  |d 820196 
952 |t P60, <03>, [BOOK], {603}, -K-  |a SNK  |b SNK  |y PREZ  |7 0  |p 17A0438343  |o snkSC 116738/1  |i snkKSP 9778/2004  |0 0  |1 0  |4 0  |d 2004-07-22  |f 1  |l 0  |r 2025-10-16 00:00:00  |w 2026-02-24 
952 |a SNK  |b SNK  |y VYP  |7 0  |p 17A0438344  |o snkSC 116738/1 D1  |i snkKSP 9779/2004  |0 0  |1 0  |4 0  |d 2004-07-22  |l 0  |r 2005-01-02 00:00:00  |w 2026-02-24